[Event "Take your time!"]
[Site "SchemingMind.com"]
[Date "2012.11.22"]
[Round "-"]
[White "ray winteringham"]
[Black "Majoanis"]
[Result "1-0"]
[WhiteCountry "ENG"]
[BlackCountry "CAN"]
[WhiteElo "1583"]
[WhiteRD "47"]
[BlackElo "1736"]
[BlackRD "59"]
[GameID "321859"]

1. d4 d5 2. c4 e6 3. Nf3 Nf6 4. Bg5 Be7 5. g3 O-O 6. c5 Ne4 7. Bxe7 Qxe7 8. Bg2 Nc6 9. O-O b6 10. cxb6 cxb6
11. Nc3 Nxc3 12. bxc3 Na5 13. Qc2 Ba6 14. Rfe1 Nc4 15. e4 Qd7 16. exd5 exd5 17. Ne5 Nxe5 18. Rxe5 Bc4 19. Rae1 Rae8 20. f4 f6
21. R5e2 Bxe2 22. Rxe2 Rxe2 23. Qxe2 Rd8 24. Qc2 Qe7 25. h4 Qe3+ 26. Kh2 g6 27. Kh3 Qe6+ 28. Kh2 Kg7 29. Qa4 Qd7 30. Qc2 Qc6
31. Qb3 Qc4 32. Qa3 Qc7 33. Qb3 Qd7 34. a4 Qc6 35. Qb4 Re8 36. c4 Qxc4 37. Qd6
1-0

[Event "Take your time!"]
[Site "SchemingMind.com"]
[Date "2012.11.22"]
[Round "-"]
[White "Majoanis"]
[Black "ray winteringham"]
[Result "1-0"]
[WhiteCountry "CAN"]
[BlackCountry "ENG"]
[WhiteElo "1912"]
[WhiteRD "60"]
[BlackElo "1520"]
[BlackRD "52"]
[GameID "321860"]

1. e4 e5 2. Nf3 Nc6 3. Bb5 d6 4. d4 f6 5. O-O Bd7 6. Nc3 Qe7 7. Re1 O-O-O 8. a4 Nxd4 9. Nxd4 exd4 10. Qxd4 Kb8
11. Be3 c5 12. Qd3 Rc8 13. a5 Bxb5 14. Qxb5 Qc7 15. Nd5 Qc6 16. Qxc6 Rxc6 17. f3 a6 18. Red1 Ne7 19. Nxe7 Bxe7 20. Rd5 g5
21. Rad1 h5 22. Bf2 h4 23. Be1 h3 24. Bg3 b5 25. Bxd6+ Bxd6 26. Rxd6 Rxd6 27. Rxd6 hxg2 28. Kxg2 Kb7 29. Kg3 Rc8 30. Rb6+ Ka7
31. Rxf6 Rd8 32. e5 Kb7 33. Rb6+ Ka7 34. Rd6 Re8 35. e6 c4 36. Rd7+ Kb8 37. e7 Kc8 38. Rd8+ Rxd8 39. exd8=Q+ Kxd8 40. Kg4 Ke7
41. Kxg5 Ke6 42. h4 Kf7 43. h5
1-0

[Event "Take your time!"]
[Site "SchemingMind.com"]
[Date "2012.11.22"]
[Round "-"]
[White "Jacek"]
[Black "Majoanis"]
[Result "0-1"]
[WhiteCountry "POL"]
[BlackCountry "CAN"]
[WhiteElo "1716"]
[WhiteRD "83"]
[BlackElo "1693"]
[BlackRD "64"]
[GameID "321879"]

1. e4 e5 2. Bc4 Nc6 3. Nf3 Bc5 4. O-O Nf6 5. d4 Bxd4 6. Nxd4 Nxd4 7. f4 d6 8. fxe5 dxe5 9. Bg5 Be6 10. Bxf6 gxf6
11. Bd3 Qe7 12. c3 Nc6 13. Qf3 O-O-O 14. Na3 Rhg8 15. Qe3 Rg6 16. Nb5 Kb8 17. Rf2 Rdg8 18. b4 a6 19. Na3 h5 20. Rd1 Rd8
21. Rfd2 Bg4 22. Rb1 Bc8 23. Nc4 Rgg8 24. b5 axb5 25. Rxb5 Qe6 26. Na5 Nxa5 27. Rxa5 Qb6
0-1

[Event "Take your time!"]
[Site "SchemingMind.com"]
[Date "2012.11.22"]
[Round "-"]
[White "Jacek"]
[Black "ray winteringham"]
[Result "1-0"]
[WhiteCountry "POL"]
[BlackCountry "ENG"]
[WhiteElo "1545"]
[WhiteRD "158"]
[BlackElo "1468"]
[BlackRD "53"]
[GameID "321880"]

1. e4 e5 2. Bc4 g6 3. Nc3 Bg7 4. f4 d6 5. Nf3 exf4 6. O-O Be6 7. Bxe6 fxe6 8. d4 Qf6 9. e5 Qf7 10. Ng5 Qf5
11. Rxf4 Qxg5 12. Rf8+ Bxf8 13. Bxg5 Be7 14. Qg4 Kd7 15. exd6 cxd6 16. d5 h6 17. Qxe6+ Ke8 18. Qc8+ Kf7 19. Bxe7 Kxe7 20. Re1+ Kf7
21. Qe8+ Kg7 22. Rf1
1-0

[Event "Take your time!"]
[Site "SchemingMind.com"]
[Date "2012.11.23"]
[Round "-"]
[White "Majoanis"]
[Black "Jacek"]
[Result "1-0"]
[WhiteCountry "CAN"]
[BlackCountry "POL"]
[WhiteElo "1626"]
[WhiteRD "64"]
[BlackElo "1545"]
[BlackRD "158"]
[GameID "321881"]

1. e4 c5 2. Nf3 e6 3. d4 cxd4 4. Nxd4 a6 5. Nc3 Qc7 6. Be2 Bb4 7. O-O Bxc3 8. bxc3 Qxc3 9. Rb1 Nf6 10. Bf3 Nc6
11. Nxc6 Qxc6 12. Ba3 Nxe4 13. Bxe4 Qxe4 14. Qd6 Qh4 15. Rb6 f5 16. Rd1 Qd8 17. Qd4 Kf7 18. Rd6 Qf6 19. Qb6 Rd8 20. Bb2 Qe7
21. R1d3 a5 22. Qd4 Rg8 23. Rg3 g6 24. h4 Ra6 25. Rxa6 bxa6 26. f4 h5 27. Bc3 Bb7 28. Bb2 Bc6 29. Rg5 Rb8 30. Qg7+ Ke8
31. Qxg6+ Qf7 32. Qg8+
1-0

[Event "Take your time!"]
[Site "SchemingMind.com"]
[Date "2012.11.23"]
[Round "-"]
[White "ray winteringham"]
[Black "Jacek"]
[Result "1-0"]
[WhiteCountry "ENG"]
[BlackCountry "POL"]
[WhiteElo "1474"]
[WhiteRD "51"]
[BlackElo "1437"]
[BlackRD "114"]
[GameID "321882"]

1. d4 Nf6 2. Nc3 d5 3. g3 Bg4 4. Bg2 e6 5. Nf3 c5 6. O-O Be7 7. Nb5 a6 8. Nc3 O-O 9. Be3 c4 10. b3 b5
11. a4 b4 12. Na2 c3 13. Nc1 Nc6 14. Nd3 Ne4 15. Nde5 Qc7 16. Nxg4 h5 17. Nge5 g6 18. Nxc6 Qxc6 19. Ne5 Qc7 20. Bxe4 dxe4
21. Bh6 Rfd8 22. e3 Bf6 23. Nc4 Kh7 24. Bf4 Qe7 25. Bd6 Rxd6 26. Nxd6 Qxd6 27. f4 Kg7 28. Kf2 h4 29. g4 g5 30. Ke2 a5
31. Rf2 Qa6+ 32. Ke1 Rd8 33. Qe2 Qa7 34. Qf1 Rd5 35. Kd1 gxf4 36. Rxf4 Bg5 37. Rxe4
1-0

[Event "Take your time!"]
[Site "SchemingMind.com"]
[Date "2012.11.23"]
[Round "-"]
[White "Iucounu"]
[Black "Majoanis"]
[Result "1-0"]
[WhiteCountry "ENG"]
[BlackCountry "CAN"]
[WhiteElo "1465"]
[WhiteRD "53"]
[BlackElo "1736"]
[BlackRD "59"]
[GameID "321913"]

1. e4 e5 2. Nf3 Nc6 3. Bb5 a6 4. Ba4 Nf6 5. O-O Be7 6. Re1 b5 7. Bb3 d6 8. c3 O-O 9. h3 Nb8 10. d4 Nbd7
11. Nbd2 Bb7 12. Bc2 Re8 13. Nf1 Bf8 14. Bg5 h6 15. Bxf6 Nxf6 16. d5 c6 17. Bb3 cxd5 18. exd5 Rc8 19. a3 Rc5 20. Qd3
1-0

[Event "Take your time!"]
[Site "SchemingMind.com"]
[Date "2012.11.24"]
[Round "-"]
[White "Iucounu"]
[Black "Jacek"]
[Result "1-0"]
[WhiteCountry "ENG"]
[BlackCountry "POL"]
[WhiteElo "1492"]
[WhiteRD "55"]
[BlackElo "1716"]
[BlackRD "83"]
[GameID "321914"]

1. e4 c5 2. Nf3 e6 3. d4 cxd4 4. Nxd4 a6 5. Nc3 Qc7 6. Be2 Bb4 7. O-O Bxc3 8. bxc3 Qxc3 9. Rb1 Nc6 10. Nxc6 Qxc6
11. Bf3 e5 12. Bb2 d6 13. Ba3 Ne7 14. Qd3 O-O 15. Rfd1 Rd8 16. Bb4 Be6 17. c4 Bxc4 18. Qc2 b5 19. Ra1 a5 20. Ba3 b4
21. Bb2 Qb5 22. Re1 Rac8 23. Be2 Bxe2 24. Qxe2 Qxe2 25. Rxe2
1-0

[Event "Take your time!"]
[Site "SchemingMind.com"]
[Date "2012.11.23"]
[Round "-"]
[White "Iucounu"]
[Black "ray winteringham"]
[Result "0-1"]
[WhiteCountry "ENG"]
[BlackCountry "ENG"]
[WhiteElo "1465"]
[WhiteRD "53"]
[BlackElo "1583"]
[BlackRD "47"]
[GameID "321915"]

1. e4 e6 2. d4 d5 3. Nc3 Bb4 4. e5 b6 5. a3 Bxc3+ 6. bxc3 Bb7 7. Nf3 f6 8. Bd3 Nd7 9. O-O f5 10. Bg5 Ne7
11. Qe2 h6 12. Bd2 g5 13. h3 c5 14. Bb5 O-O 15. Nh2 Bc6 16. Bxc6 Nxc6 17. f4 Rf7 18. fxg5 hxg5 19. Nf3 Rg7 20. Nxg5 Rxg5
21. Bxg5 Qxg5 22. Rad1 c4 23. Rf3 Kf7 24. Qf2 Rh8 25. Rg3 Qh5 26. Qf3 Nf8 27. Rf1 Ng6 28. Qxh5 Rxh5 29. Kf2 Rh4 30. Ke2 Re4+
31. Kd2 Nce7 32. Re1 Rxe1 33. Kxe1 a6 34. a4 Ng8 35. Ke2 N8e7 36. Rf3 Nh4 37. Rg3 Neg6 38. Rg5 Nf4+ 39. Kf2 Nfxg2 40. Rxg2 Nxg2
41. Kxg2 Kg6 42. Kg3 Kh5 43. h4 a5 44. Kh3 f4 45. Kg2 Kxh4 46. Kf3 Kg5 47. Kg2 Kg4 48. Kf2 f3 49. Kg1 Kg3 50. Kf1 f2
0-1

[Event "Take your time!"]
[Site "SchemingMind.com"]
[Date "2012.11.23"]
[Round "-"]
[White "Majoanis"]
[Black "Iucounu"]
[Result "0-1"]
[WhiteCountry "CAN"]
[BlackCountry "ENG"]
[WhiteElo "1736"]
[WhiteRD "59"]
[BlackElo "1465"]
[BlackRD "53"]
[GameID "321916"]

1. Nf3 Nf6 2. c4 e6 3. g3 d5 4. d4 Be7 5. Bg2 O-O 6. O-O Nbd7 7. Qc2 c6 8. Nbd2 b6 9. e4 Bb7 10. e5 Ne8
11. b3 Ba6 12. Rd1 Bb7 13. Bb2 Bb4 14. h4 g6 15. a3 Bxd2 16. Qxd2 Ng7 17. Rac1 Rb8 18. b4 Nf5
0-1

[Event "Take your time!"]
[Site "SchemingMind.com"]
[Date "2012.11.25"]
[Round "-"]
[White "Jacek"]
[Black "Iucounu"]
[Result "0-1"]
[WhiteCountry "POL"]
[BlackCountry "ENG"]
[WhiteElo "1716"]
[WhiteRD "83"]
[BlackElo "1492"]
[BlackRD "55"]
[GameID "321917"]

1. e4 e5 2. Bc4 Nf6 3. Nf3 Nc6 4. O-O Bc5 5. Nc3 O-O 6. d3 d6 7. h3 a6 8. Bg5 h6 9. Bxf6 Qxf6 10. Nd5 Qd8
11. c3 Na5 12. b4 Nxc4 13. bxc5 dxc5 14. dxc4 c6 15. Ne3 f6 16. Qe2 Be6 17. Rfd1 Qe7 18. Rd2 Rad8 19. Rad1 Rxd2 20. Rxd2 Rd8
21. Rxd8+ Qxd8 22. Qd2 Qxd2 23. Nxd2 b5 24. a3 g6 25. Nb3 Bxc4
0-1

[Event "Take your time!"]
[Site "SchemingMind.com"]
[Date "2012.11.23"]
[Round "-"]
[White "ray winteringham"]
[Black "Iucounu"]
[Result "0-1"]
[WhiteCountry "ENG"]
[BlackCountry "ENG"]
[WhiteElo "1583"]
[WhiteRD "47"]
[BlackElo "1465"]
[BlackRD "53"]
[GameID "321918"]

1. d4 Nf6 2. g3 d5 3. Bg2 e6 4. Nf3 c5 5. c3 Nc6 6. O-O Be7 7. Bg5 Qb6 8. Qc2 O-O 9. e3 h6 10. Bxf6 Bxf6
11. a3 Bd7 12. b4 c4 13. a4 a6 14. a5 Qc7 15. Nbd2 Na7 16. e4 Bc6 17. e5 Be7 18. Ra2 Bb5 19. h4 Nc6 20. Raa1 Nb8
21. Nh2 Qd7 22. f4 f6 23. Qg6 Qe8 24. Qxe8 Rxe8 25. g4 Nd7 26. f5 exf5 27. Bxd5+ Kh8 28. Bxb7 Rab8 29. Bd5 fxe5 30. dxe5 Nxe5
31. Nhf3 Nxf3+ 32. Rxf3 fxg4 33. Rff1 h5 34. Bxc4 Bxc4 35. Nxc4 Bf6 36. Nd6 Re3 37. Rfe1 Rxe1+ 38. Rxe1 Bxc3 39. b5 Bxe1 40. bxa6 Rb2
41. Kf1 Ra2 42. Kxe1 Rxa5 43. Nf7+ Kg8 44. Ng5 Rxa6 45. Kf2 Ra3 46. Kg2 g6 47. Kh2 Ra5 48. Kg3 Rxg5 49. hxg5 Kf7 50. Kf4 Ke6
51. Ke4 h4 52. Kf4 g3 53. Kg4 g2
0-1

[Event "Take your time!"]
[Site "SchemingMind.com"]
[Date "2012.11.26"]
[Round "-"]
[White "emvarela"]
[Black "Majoanis"]
[Result "1-0"]
[WhiteCountry "ARG"]
[BlackCountry "CAN"]
[WhiteElo "1779"]
[WhiteRD "51"]
[BlackElo "1736"]
[BlackRD "59"]
[GameID "321927"]

1. e4 e5 2. Nf3 Nc6 3. Bb5 Nge7 4. O-O a6 5. Bxc6 Nxc6 6. d4 exd4 7. Nxd4 Nxd4 8. Qxd4 d6 9. Nc3 Be6 10. Be3 Qf6
11. Qxf6 gxf6 12. Bd4 Bg7 13. Nd5 Bxd5 14. exd5 O-O 15. c4 f5 16. Bxg7 Kxg7 17. Rfe1 Rfe8 18. Kf1
1-0

[Event "Take your time!"]
[Site "SchemingMind.com"]
[Date "2012.11.26"]
[Round "-"]
[White "emvarela"]
[Black "Jacek"]
[Result "1-0"]
[WhiteCountry "ARG"]
[BlackCountry "POL"]
[WhiteElo "1765"]
[WhiteRD "48"]
[BlackElo "1716"]
[BlackRD "83"]
[GameID "321928"]

1. e4 c5 2. Nf3 e6 3. d4 cxd4 4. Nxd4 a6 5. Bd3 Qb6 6. Nb3 Nc6 7. Nc3 Nf6 8. Be3 Qc7 9. Qd2 b5 10. O-O-O Bb7
11. h3 Bb4 12. a3 Ba5 13. Nxa5 Nxa5 14. Kb1 Nc4 15. Bxc4 bxc4 16. f3 O-O 17. Bf4 e5 18. Bg5 Bc6 19. Bxf6 gxf6 20. Nd5 Bxd5
21. Qxd5 Rfd8 22. Qd6 Qxd6 23. Rxd6 Kg7 24. Rhd1 Ra7 25. R1d5 Rb7 26. Rxa6 Rdb8 27. b3 cxb3 28. c3 Rc7 29. Kb2 Rbc8 30. Rd3 Rb7
31. Rdd6 Rbc7 32. Rd3 h5 33. Rb6 Ra8 34. Rxb3
1-0

[Event "Take your time!"]
[Site "SchemingMind.com"]
[Date "2012.11.26"]
[Round "-"]
[White "emvarela"]
[Black "ray winteringham"]
[Result "1-0"]
[WhiteCountry "ARG"]
[BlackCountry "ENG"]
[WhiteElo "1759"]
[WhiteRD "49"]
[BlackElo "1520"]
[BlackRD "52"]
[GameID "321929"]

1. e4 e6 2. d4 Nf6 3. e5 Nd5 4. c4 Nb6 5. Nc3 Bb4 6. Nf3 Bxc3+ 7. bxc3 d6 8. exd6 cxd6 9. Bd3 O-O 10. Be3 Bd7
11. O-O Nc6 12. Qc2 g6 13. d5 Ne7 14. Bxb6 Qxb6 15. Rab1 Qc7 16. dxe6 fxe6 17. Rfe1 Rac8 18. Ng5 Qc5 19. Nxe6 Bxe6 20. Rxe6 b6
21. Rxe7 d5 22. Rxa7 b5 23. Ra5 dxc4 24. Rbxb5 Qe7 25. Bxc4+ Rxc4 26. Re5 Qd7 27. Qb3
1-0

[Event "Take your time!"]
[Site "SchemingMind.com"]
[Date "2012.11.27"]
[Round "-"]
[White "emvarela"]
[Black "Iucounu"]
[Result "1-0"]
[WhiteCountry "ARG"]
[BlackCountry "ENG"]
[WhiteElo "1779"]
[WhiteRD "51"]
[BlackElo "1465"]
[BlackRD "53"]
[GameID "321930"]

1. e4 e5 2. Nf3 Nc6 3. d4 exd4 4. c3 dxc3 5. Bc4 cxb2 6. Bxb2 d6 7. Qb3 Nh6 8. O-O Qe7 9. Nbd2 Be6 10. Bxe6 Rb8
11. Bd5 Qd7 12. Bxc6 Qxc6 13. Rac1 Rg8 14. Rxc6 Kd7 15. Rfc1
1-0

[Event "Take your time!"]
[Site "SchemingMind.com"]
[Date "2012.11.26"]
[Round "-"]
[White "Majoanis"]
[Black "emvarela"]
[Result "0-1"]
[WhiteCountry "CAN"]
[BlackCountry "ARG"]
[WhiteElo "1736"]
[WhiteRD "59"]
[BlackElo "1779"]
[BlackRD "51"]
[GameID "321931"]

1. Nf3 d5 2. b3 Bg4 3. Ne5 Bh5 4. g4 f6 5. gxh5 fxe5 6. Bb2 Qd6 7. Bh3 Nf6 8. e3 Nbd7 9. d3 O-O-O 10. Nd2 c5
11. c4 Kc7 12. Bxd7 Rxd7 13. cxd5 Qxd5 14. Qf3 Qxd3 15. Bxe5+ Kc8 16. Nc4 Qd5
0-1

[Event "Take your time!"]
[Site "SchemingMind.com"]
[Date "2012.11.26"]
[Round "-"]
[White "Jacek"]
[Black "emvarela"]
[Result "1-0"]
[WhiteCountry "POL"]
[BlackCountry "ARG"]
[WhiteElo "1815"]
[WhiteRD "70"]
[BlackElo "1759"]
[BlackRD "49"]
[GameID "321932"]

1. e4 e5 2. Bc4 Nf6 3. Nc3 Nc6 4. Nf3 Nxe4 5. O-O Nxc3 6. dxc3 Be7 7. Qd5 O-O 8. Nxe5 Nxe5 9. Qxe5 Bf6 10. Qd5 c6
11. Qd6 Qe7 12. Bf4 Qxd6 13. Bxd6 Re8 14. Rfe1 Rxe1+ 15. Rxe1 h6 16. Re8+ Kh7 17. Bxf7 b5 18. g3 Bb7 19. Re3 a5 20. Be8 b4
21. Bxd7 Rd8 22. Bf5+ Kg8 23. Be7 Rd1+ 24. Kg2 c5+ 25. Kh3 Bxe7 26. Rxe7 Bf3 27. cxb4 Rd5 28. Be6+
1-0

[Event "Take your time!"]
[Site "SchemingMind.com"]
[Date "2012.11.26"]
[Round "-"]
[White "ray winteringham"]
[Black "emvarela"]
[Result "1-0"]
[WhiteCountry "ENG"]
[BlackCountry "ARG"]
[WhiteElo "1520"]
[WhiteRD "52"]
[BlackElo "1759"]
[BlackRD "49"]
[GameID "321933"]

1. d4 Nf6 2. Bg5 Ne4 3. Bh4 c5 4. f3 g5 5. fxe4 gxh4 6. Nf3 e6 7. e3 a6 8. Nc3 cxd4 9. exd4 Bb4 10. Ne5 Bxc3+
11. bxc3 d6 12. Ng4 Qg5 13. Be2 e5 14. dxe5 dxe5 15. O-O Bxg4 16. Bxg4 O-O 17. h3 Qe3+ 18. Kh1 Qxc3 19. Rf3 Qd4 20. Qf1 Qxe4
21. Be6 Qg6 22. Bd5 Nc6 23. Qc4 Nd4 24. Rf2 Rac8 25. Qf1 Nxc2 26. Rc1 Ne3 27. Bxf7+ Rxf7 28. Rxc8+ Kg7 29. Rxf7+ Qxf7 30. Qxf7+ Kxf7
31. Rc7+ Kg6 32. Rxb7
1-0

[Event "Take your time!"]
[Site "SchemingMind.com"]
[Date "2012.11.26"]
[Round "-"]
[White "Iucounu"]
[Black "emvarela"]
[Result "0-1"]
[WhiteCountry "ENG"]
[BlackCountry "ARG"]
[WhiteElo "1487"]
[WhiteRD "50"]
[BlackElo "1761"]
[BlackRD "48"]
[GameID "321934"]

1. e4 e5 2. Nf3 Nc6 3. Bb5 a6 4. Ba4 Nf6 5. O-O Be7 6. Re1 b5 7. Bb3 O-O 8. c3 d5 9. exd5 Nxd5 10. Nxe5 Nxe5
11. Rxe5 c6 12. Bxd5 cxd5 13. d4 Bd6 14. Rh5 g6 15. Rh3 Bxh3 16. gxh3 Qc7 17. Qg4 Bxh2+ 18. Kf1 Qc4+ 19. Kg2 Bd6 20. Bh6 Rfe8
21. Nd2 Qe2 22. Qxe2 Rxe2 23. Be3 Re8 24. Kf1 R2xe3 25. fxe3 Rxe3 26. Kf2 Rxh3 27. Nf3 h5 28. Rg1 Kg7 29. Rg2 f6 30. a3 Kh6
31. Ke2 g5 32. Ng1 Rh2 33. Rxh2 Bxh2
0-1

[Event "Take your time!"]
[Site "SchemingMind.com"]
[Date "2012.11.25"]
[Round "-"]
[White "lontjr"]
[Black "Majoanis"]
[Result "0-1"]
[WhiteCountry "USA"]
[BlackCountry "CAN"]
[WhiteElo "1463"]
[WhiteRD "102"]
[BlackElo "1912"]
[BlackRD "60"]
[GameID "322004"]

1. e4 e5 2. Nf3 Nc6 3. d4 exd4 4. Bc4 Nf6 5. e5 d5 6. Bb5 Ne4 7. Nxd4 Bd7 8. Bxc6 bxc6 9. O-O Bc5 10. f3 Ng5
11. f4 Ne4 12. Nc3 Nxc3 13. bxc3 O-O 14. g4 Re8 15. h4 Qxh4 16. Rf3 Bxg4
0-1

[Event "Take your time!"]
[Site "SchemingMind.com"]
[Date "2012.11.25"]
[Round "-"]
[White "lontjr"]
[Black "Jacek"]
[Result "1-0"]
[WhiteCountry "USA"]
[BlackCountry "POL"]
[WhiteElo "1479"]
[WhiteRD "105"]
[BlackElo "1693"]
[BlackRD "79"]
[GameID "322005"]

1. e4 c5 2. Nc3 Nc6 3. f4 e6 4. Nf3 g6 5. d4 cxd4 6. Nxd4 Bg7 7. Ndb5 Bf8 8. Be3 a6 9. Nd6+ Bxd6 10. Qxd6 Qe7
11. Qc5 d6 12. Qa3 Nf6 13. O-O-O O-O 14. Qxd6 Qxd6 15. Rxd6 Rd8 16. Rxd8+ Nxd8 17. h3 b5 18. Be2 Bb7 19. Bf3 b4 20. Na4 Bxe4
21. Bd4 Bxf3 22. Bxf6 Bxg2 23. Rh2 Bd5 24. Nb6 Rb8 25. Nd7 Rb7 26. Nc5 Rb6 27. Bxd8
1-0

[Event "Take your time!"]
[Site "SchemingMind.com"]
[Date "2012.11.26"]
[Round "-"]
[White "lontjr"]
[Black "emvarela"]
[Result "1/2-1/2"]
[WhiteCountry "USA"]
[BlackCountry "ARG"]
[WhiteElo "1482"]
[WhiteRD "105"]
[BlackElo "1738"]
[BlackRD "51"]
[GameID "322006"]

1. e4 e5 2. Nf3 Nc6 3. d4 exd4 4. Bc4 Nf6 5. e5 d5 6. Bb5 Ne4 7. Nxd4 Bc5 8. Be3 Bd7 9. Bxc6 bxc6 10. Nd2 Qh4
11. O-O O-O 12. Nxe4 Qxe4 13. Re1 Bxd4 14. Bxd4 Qg6 15. Re3 Bf5 16. c3 Rfe8 17. e6 f6 18. e7 Qf7 19. Qe2 Be4 20. f3 f5
21. fxe4 dxe4 22. Bc5 Qd5 23. b4 g6 24. Rd1 Qe6 25. h4 a5 26. a3 axb4 27. axb4 Ra2 28. Rd2 Ra1+ 29. Rd1 Ra2 30. Rd2 Ra1+
31. Rd1 Ra2 32. Rd2
1/2-1/2

[Event "Take your time!"]
[Site "SchemingMind.com"]
[Date "2012.11.25"]
[Round "-"]
[White "lontjr"]
[Black "ray winteringham"]
[Result "1/2-1/2"]
[WhiteCountry "USA"]
[BlackCountry "ENG"]
[WhiteElo "1479"]
[WhiteRD "105"]
[BlackElo "1506"]
[BlackRD "51"]
[GameID "322007"]

1. e4 e5 2. Nf3 Nc6 3. d4 f6 4. Bc4 Qe7 5. O-O d6 6. Nc3 Bg4 7. h3 Bxf3 8. Qxf3 Nxd4 9. Qd3 O-O-O 10. Be3 c5
11. Nd5 Qd7 12. Bxd4 exd4 13. c3 Ne7 14. cxd4 Nxd5 15. Bxd5 Kb8 16. Rfc1 b6 17. Qc4 b5 18. Qc3 g5 19. b4 c4 20. Qa3 Qc7
21. Rc3 Bg7 22. Qa6 f5 23. Qxb5+ Qb6 24. Qxb6+ axb6 25. Rxc4 f4 26. f3 Rc8 27. Rd1 b5 28. Rcc1 Rxc1 29. Rxc1 Bxd4+ 30. Kf1 Be5
31. Ke2 Ka7=
1/2-1/2

[Event "Take your time!"]
[Site "SchemingMind.com"]
[Date "2012.11.27"]
[Round "-"]
[White "lontjr"]
[Black "Iucounu"]
[Result "0-1"]
[WhiteCountry "USA"]
[BlackCountry "ENG"]
[WhiteElo "1463"]
[WhiteRD "102"]
[BlackElo "1400"]
[BlackRD "52"]
[GameID "322008"]

1. e4 e5 2. Nf3 Nc6 3. d4 exd4 4. Bc4 Nf6 5. e5 d5 6. Bb5 Ne4 7. Nxd4 Bd7 8. Bxc6 Bxc6 9. O-O Bc5 10. Nc3 Nxc3
11. bxc3 O-O 12. e6 Bxd4 13. exf7+ Rxf7 14. cxd4 Qd7 15. Bb2 Raf8 16. Ba3 Re8 17. Qd3 Bb5
0-1

[Event "Take your time!"]
[Site "SchemingMind.com"]
[Date "2012.11.25"]
[Round "-"]
[White "Majoanis"]
[Black "lontjr"]
[Result "1-0"]
[WhiteCountry "CAN"]
[BlackCountry "USA"]
[WhiteElo "1912"]
[WhiteRD "60"]
[BlackElo "1463"]
[BlackRD "102"]
[GameID "322009"]

1. d4 Nf6 2. Bg5 c5 3. d5 Ne4 4. Bf4 Qb6 5. Nd2 Qxb2 6. Nxe4 Qb4+ 7. Qd2 Qxe4 8. e3 e5 9. dxe6 Qxe6 10. Ne2 Qb6
11. Nc3 Qe6 12. Be2 Na6 13. O-O Be7 14. Nd5 O-O 15. Bxa6
1-0

[Event "Take your time!"]
[Site "SchemingMind.com"]
[Date "2012.11.25"]
[Round "-"]
[White "Jacek"]
[Black "lontjr"]
[Result "1-0"]
[WhiteCountry "POL"]
[BlackCountry "USA"]
[WhiteElo "1693"]
[WhiteRD "79"]
[BlackElo "1479"]
[BlackRD "105"]
[GameID "322010"]

1. e4 c5 2. Nf3 g6 3. d4 cxd4 4. Qxd4 Nf6 5. e5 Nc6 6. Qc3 Nd5 7. Qd2 e6 8. Nc3 Bg7 9. Nxd5 exd5 10. Qxd5 Nb4
11. Qb3 Nc6 12. Bg5 Qa5+ 13. Bd2 Qc7 14. O-O-O O-O 15. h4 Nxe5 16. h5 d6 17. Nxe5 dxe5 18. hxg6 hxg6 19. Bc4 Bf5 20. Rh4 b6
21. Rdh1 Rad8 22. g4 Be4 23. Qh3 Qxc4 24. Rh8+
1-0

[Event "Take your time!"]
[Site "SchemingMind.com"]
[Date "2012.11.26"]
[Round "-"]
[White "emvarela"]
[Black "lontjr"]
[Result "1/2-1/2"]
[WhiteCountry "ARG"]
[BlackCountry "USA"]
[WhiteElo "1759"]
[WhiteRD "49"]
[BlackElo "1463"]
[BlackRD "102"]
[GameID "322011"]

1. e4 c5 2. Nf3 g6 3. d4 cxd4 4. Nxd4 Nc6 5. c4 Nf6 6. Nc3 d6 7. Be2 Nxd4 8. Qxd4 Bg7 9. Be3 O-O 10. Qd2 Be6
11. O-O Qa5 12. Rac1 Rfc8 13. b3 Ng4 14. Bxg4 Bxg4 15. f3 Be6 16. Nd5 Qxd2 17. Bxd2 Bxd5 18. cxd5 Bd4+ 19. Kh1 e5 20. Rxc8+ Rxc8
21. Rc1 Rxc1+ 22. Bxc1 a5=
1/2-1/2

[Event "Take your time!"]
[Site "SchemingMind.com"]
[Date "2012.11.26"]
[Round "-"]
[White "ray winteringham"]
[Black "lontjr"]
[Result "0-1"]
[WhiteCountry "ENG"]
[BlackCountry "USA"]
[WhiteElo "1506"]
[WhiteRD "51"]
[BlackElo "1479"]
[BlackRD "105"]
[GameID "322012"]

1. d4 Nf6 2. g3 g6 3. Bg2 Bg7 4. e4 d6 5. Ne2 O-O 6. O-O e5 7. d5 Nbd7 8. c4 b6 9. Nbc3 Ba6 10. b3 Qe7
11. Bg5 Bb7 12. Be3 Rac8 13. a4 a5 14. Qd2 Ng4 15. Bh3 Nxe3 16. Qxe3 f5 17. exf5 gxf5 18. f4 Rce8 19. Rab1 exf4 20. Qxe7 Rxe7
21. Nb5 Rxe2 22. Nxc7 Bd4+ 23. Kh1 fxg3 24. hxg3 Rf6 25. Ne6 Rfxe6 26. Bxf5 Rh6+
0-1

[Event "Take your time!"]
[Site "SchemingMind.com"]
[Date "2012.11.27"]
[Round "-"]
[White "Iucounu"]
[Black "lontjr"]
[Result "1-0"]
[WhiteCountry "ENG"]
[BlackCountry "USA"]
[WhiteElo "1465"]
[WhiteRD "53"]
[BlackElo "1445"]
[BlackRD "106"]
[GameID "322013"]

1. e4 c5 2. Nf3 g6 3. d4 cxd4 4. Nxd4 Nc6 5. Be3 Bg7 6. Nc3 Nf6 7. Bc4 O-O 8. Bb3 a5 9. a3 a4 10. Bc4 Nxd4
11. Bxd4 d6 12. Qd2 Ng4 13. Bxg7 Kxg7 14. O-O-O Ne5 15. Bd5 Bg4 16. Rde1 Qc7 17. h3 Nc4 18. Bxc4 Qxc4 19. hxg4 Ra5 20. Rd1 b5
21. Qd4+ Qxd4 22. Rxd4 Rc8 23. Nd5 Rc4 24. Rxc4 bxc4 25. Nxe7
1-0

[Event "Take your time!"]
[Site "SchemingMind.com"]
[Date "2012.11.25"]
[Round "-"]
[White "Pol MacGilla tSamhais"]
[Black "Majoanis"]
[Result "0-1"]
[WhiteCountry "IRL"]
[BlackCountry "CAN"]
[WhiteElo "1212"]
[WhiteRD "81"]
[BlackElo "1846"]
[BlackRD "63"]
[GameID "322015"]

1. e4 e5 2. Nf3 Nc6 3. d4 exd4 4. Nxd4 Bc5 5. Be3 Qf6 6. c3 Nge7 7. Bc4 Ne5 8. Be2 Qg6 9. O-O d6 10. f4 Qxe4
11. Bd3 Qxe3+ 12. Kh1 Nxd3 13. Rf3 Nf2+
0-1

[Event "Take your time!"]
[Site "SchemingMind.com"]
[Date "2012.11.25"]
[Round "-"]
[White "Pol MacGilla tSamhais"]
[Black "Jacek"]
[Result "1-0"]
[WhiteCountry "IRL"]
[BlackCountry "POL"]
[WhiteElo "1202"]
[WhiteRD "83"]
[BlackElo "1545"]
[BlackRD "158"]
[GameID "322016"]

1. e4 c5 2. Nc3 Nc6 3. f4 e6 4. Bc4 g6 5. Nf3 Bg7 6. f5 Nf6 7. h3 d5 8. exd5 exd5 9. Bxd5 Nxd5 10. Qe2+ Nce7
11. O-O O-O 12. Nxd5 Nxd5 13. d4 Bxf5 14. dxc5 Re8 15. Qb5 Re2 16. Qxe2
1-0

[Event "Take your time!"]
[Site "SchemingMind.com"]
[Date "2012.11.25"]
[Round "-"]
[White "Pol MacGilla tSamhais"]
[Black "lontjr"]
[Result "1-0"]
[WhiteCountry "IRL"]
[BlackCountry "USA"]
[WhiteElo "1238"]
[WhiteRD "84"]
[BlackElo "1479"]
[BlackRD "105"]
[GameID "322017"]

1. e4 c5 2. c3 g6 3. Nf3 Bg7 4. Bc4 e6 5. O-O Ne7 6. d4 d5 7. e5 dxc4 8. Nbd2 Qd5 9. Re1 O-O 10. h3 Nbc6
11. Nf1 Bd7 12. Ne3 Qe4 13. Ng5 Qh4 14. Nf3 Qh6 15. Nd5 Qh5 16. Nf4 Qh6 17. Nxe6
1-0